| 000 | 01334 a2200205 4500 | ||
|---|---|---|---|
| 020 | _a0534602398 (hardcover) | ||
| 020 | _a9780534602390 (hardcover) | ||
| 082 | _a353.001 | ||
| 090 |
_c6649 _d6649 |
||
| 100 | 1 | _aNigro, Lloyd G. | |
| 245 | 1 | 4 |
_aThe new public personnel administration / _cLloyd G. Nigro, Felix A. Nigro, J. Edward Kellough. |
| 250 | _a6th ed. | ||
| 260 |
_a[S.l.] : _bWadsworth Publishing, _c2006. |
||
| 300 |
_a368 p. ; _c24 cm. |
||
| 520 | _aPrepare for your career in public personnel management with THE NEW PUBLIC PERSONNEL ADMINISTRATION! With coverage of public policies, law rulings, and court rulings, this text gives you a solid foundation for advanced studies in specialized areas of public personnel management. Major policy trends and debates are discussed including affirmative action, compensation and benefits, sexual harassment, workplace violence, substance and alcohol abuse, performance appraisal, and collective bargaining. Discussion questions, suggested readings, chapter appendices, informative illustrations, and examples are just a few of the tools that will help you succeed in this course. | ||
| 700 | 1 | _aNigro, Felix A. | |
| 700 | 1 | _aKellough, J. Edward. | |
| 856 | 4 | 0 |
_3Amazon.com _uhttp://www.amazon.com/exec/obidos/ASIN/0534602398/chopaconline-20 |
| 942 |
_aNBS _cBK _k353.001 NIG |
||
| 999 |
_c349000 _d349000 |
||